La production du texte /

Bibliographic Details
Main Author: Riffaterre, Michael
Format: Book
Language:French
Published: Paris : Seuil, [1979]
Series:Poétique (Series)
Subjects:

MARC

Tag First Indicator Second Indicator Subfields
LEADER 00000cam a2200000 a 4500
001 in00000070308
005 20151008061704.0
008 801002s1979 fr b 00010 frem
010 |a  80499689  
015 |a F*** 
020 |a 2020052091 :  |c 59.00F 
035 |a (OCoLC)06920979 
035 |9 AAJ8604AM 
040 |a DLC  |c DLC  |d TXA  |d UtOrBLW 
049 |a TXAM  |c [1654537] 
050 0 0 |a PN45  |b .R53 
082 0 |a 808.1/00141  |2 19 
100 1 |a Riffaterre, Michael. 
245 1 3 |a La production du texte /  |c Michael Riffaterre. 
264 1 |a Paris :  |b Seuil,  |c [1979] 
264 4 |c ©1979 
300 |a 284 pages ;  |c 21 cm. 
336 |a text  |b txt  |2 rdacontent 
337 |a unmediated  |b n  |2 rdamedia 
338 |a volume  |b nc  |2 rdacarrier 
490 1 |a Poetique 
504 |a Includes bibliographical references. 
650 0 |a Literature. 
650 0 |a Poetics. 
830 0 |a Poétique (Series) 
999 |a MARS 
999 f f |s 798882ab-d7bc-3c9a-a9ac-a64bae36ae04  |i 7e71fc1e-aac8-38e0-8761-dec8489a2bc6  |t 0 
952 f f |p ric  |a Texas A&M University  |b Rellis Campus  |c Joint Library Facility  |d Remote Storage  |t 0  |e PN45 .R53  |h Library of Congress classification  |i unmediated -- volume  |m A14806176733 
998 f f |a PN45 .R53  |t 0  |l Remote Storage